| 000 | 004440000a22001690004500 | ||
|---|---|---|---|
| 020 | _a0-8024-0496-0 | ||
| 041 | 0 | _aENG | |
| 082 | 0 | 4 | _aG 268.434 P4851c |
| 245 | 1 | 0 | _aThe christian education of adults / Gilbert A. Peterson, Editor |
| 260 | _aChicago, ILL., USA : Moody | ||
| 300 | _a302 Pag | ||
| 001 | 7934 | ||
| 942 | _cBK | ||
| 999 |
_c38134 _d38134 |
||
| 336 |
_atexto _btxt _2rdacontent |
||
| 337 |
_2rdamedia _asin mediación _bn |
||
| 338 |
_2rdacarrier _avolumen _bnc |
||